000 00597nam a2200205 i 4500
001 116694
003 ES-MaACL
005 20230906190742.0
007 t|
008 061121s1961 sp r ||||1| spa d
080 _a811.112.2(075.4)
100 1 _aOtto, Emil.
_987950
245 1 0 _aGramática sucinta de la lengua alemana /
_cEmil Otto, Enrique Ruppert.
250 _a19ª ed.
260 _aBarcelona :
_bHerder,
_c1961.
300 _aXXVII, 255 p. ;
_c19 cm.
650 0 4 _aLengua alemana-
_vMétodos.
_914086
700 1 _aRuppert, Enrique.
_9101005
852 _aES-MaACL
_jB-2094
_bR.47590
999 _c116694
_d116694